000
00331nam a2200133Ia 4500
003
SISC
005
20180213140024.0
008
180205s9999 xx 000 0 und d
100
_a
Remarque, Erich Maria
245
_a
All quiet on the Western front /
260
_a
USA
_b
Crest book
_c
1958
300
_a
175 pages
942
_2
lcc
_c
BK
999
_c
354753
_d
354753